000 00298nam a2200121 a 4500
001 4144
005 20140414131926.0
008 090317s19uu xx 00 eng d
050 _aER
_bP96 1997
100 _aMackall, Dandi Daley
245 _aThe Puzzle club :
_bchristmas mystery.
999 _c112008
_d112008